000 00990nam a2200193Ia 4500
008 151121s9999||||xx |||||||||||||| ||und||
082 _a153।6/भोंजाळ
082 _bHNW-116178
100 _aभोंजाळ चंद्रकांत- अनु।
245 _aअथांग रहस्य ( जीवन तुमच्या कडून काय अपेक्षित करत )
260 _b"इंडस सोसो बुक, मुंबई।"
260 _c2014
300 _a215
600 _aभोंजाळ चंद्रकांत- अनु।
630 _aअथांग रहस्य ( जीवन तुमच्या कडून काय अपेक्षित करत )
700 _aभोंजाळ चंद्रकांत- अनु।
730 _aअथांग रहस्य ( जीवन तुमच्या कडून काय अपेक्षित करत )
942 _cBOOK
999 _c1264840
_d1264837